000
00302nam a2200121Ia 4500
008
230907s9999||||xx |||||||||||||| ||und||
082
_a
370.72
_b
CRE
100
_a
Creswell, John W.
245
0
_a
Educational research :
260
_a
Pearson,
_b
Boston :
_c
2015
300
_a
xxii, 650 p. :
942
_c
BK
999
_c
599024
_d
599024